| 000 | 00551nam a22001817a 4500 | ||
|---|---|---|---|
| 003 | OSt | ||
| 005 | 20250826064712.0 | ||
| 008 | 250826b |||||||| |||| 00| 0 eng d | ||
| 020 | _a 0-521-60625-X | ||
| 040 |
_aDWCL-Main lib _cOC |
||
| 082 | _aCirc. 808.042 G231 2005 | ||
| 245 |
_aWriting from within intro/ _cArlen Gargagliano |
||
| 260 |
_aNew York : _bCambridge University Press, _cc2005 |
||
| 300 |
_aviii, 78 p. _c25 cm. |
||
| 650 | _a1. English language-composition and exercises. | ||
| 700 | _aKelly Curtis | ||
| 942 |
_2ddc _cBK-CIRC _kCirc. _n0 |
||
| 999 |
_c4273 _d4273 |
||